000 00493nam a2200121Ia 4500
008 180412s9999||||xx |||||||||||||| ||und||
020 _a853651663
040 _aAhmadu Bello University Library - Zaria
100 _aLIBRARY Building.
245 0 _aLibrary Buildings; 1972 issue/ compled by the architect/ Librarian working party.
_cHerbert Ward, Sally Odd.
260 _bLibrary Association; London.
_c1973
300 _a99p.; ill.
600 _aLibrarianship; organizations, buildings, administration, etc. Divide by Table 1
999 _c1350
_d1350